The challenge of nationhood (Record no. 79248)

MARC details
000 -LEADER
fixed length control field 00918nam a2200181 a 4500
008 - FIXED-LENGTH DATA ELEMENTS--GENERAL INFORMATION
fixed length control field 120416s1970 ||||||||||||||||| || u
020 ## - INTERNATIONAL STANDARD BOOK NUMBER
International Standard Book Number 0435900811
050 ## - LIBRARY OF CONGRESS CALL NUMBER
Classification number DT 434.E262 Mbo
100 ## - MAIN ENTRY--PERSONAL NAME
Personal name Mboya, Tom
245 14 - TITLE STATEMENT
Title The challenge of nationhood
246 ## -
-- a collection of speeches and writings
260 ## - PUBLICATION, DISTRIBUTION, ETC.
Place of publication, distribution, etc. London
Name of publisher, distributor, etc. Heinemann
Date of publication, distribution, etc. 1970
300 ## - PHYSICAL DESCRIPTION
Extent viii, 278p.
350 ## -
-- 0.00
995 ## -
-- MAIN LIBRARY OPEN ACCESS
-- 0.00
-- 715646
-- CBU-MAIN LIBRARY (Kitwe)
-- 3
-- 4.85
-- DT 434.E262 Mbo
-- 3
-- AVAILABLE
-- Sep 6, 2006
-- 000783
-- Main Library Open Access Collection
995 ## -
-- MAIN LIBRARY OPEN ACCESS
-- 0.00
-- 715647
-- CBU-MAIN LIBRARY (Kitwe)
-- 1
-- 4.85
-- DT 434.E262 Mbo
-- 1
-- AVAILABLE
-- Sep 6, 2006
-- 000990
-- Main Library Open Access Collection
995 ## -
-- MAIN LIBRARY OPEN ACCESS
-- 0.00
-- 715645
-- CBU-MAIN LIBRARY (Kitwe)
-- 2
-- 4.85
-- DT 434.E262 Mbo
-- 2
-- AVAILABLE
-- Sep 6, 2006
-- 000991
-- Main Library Open Access Collection
999 ## -
-- 79248
-- 79248

No items available.